|
|
|
|
| LEADER |
00000nab a2200000 a 4500 |
| 001 |
vtls000788380 |
| 003 |
SK-MaSNL |
| 005 |
20260302155252.0 |
| 008 |
160322c2001 xo 0 sla |
| 015 |
|
|
|a SNBRB2002/03-10102
|
| 035 |
|
|
|a CLN000140035
|
| 040 |
|
|
|a SNKBUCL
|b slo
|c SNKBUCL
|e AACR2
|
| 041 |
0 |
|
|a sla
|
| 044 |
|
|
|a xo
|c SK
|
| 080 |
|
|
|a 2-051
|2 UDC-MRF-SK2
|
| 080 |
|
|
|a 281.93
|2 UDC-MRF-SK2
|
| 080 |
|
|
|a 929 Čokyna, Peter
|2 UDC-MRF-SK2
|
| 100 |
1 |
|
|a Rošič, Michal
|4 aut
|9 474352
|
| 245 |
1 |
0 |
|a Kňažské jubileum
|c Michal Rošič
|
| 600 |
1 |
7 |
|a Čokyna, Peter,
|d 1922-
|2 snkbucl
|9 22627
|
| 651 |
|
7 |
|a 709
|2 snkbucl
|9 529536
|
| 655 |
|
7 |
|a články z novín a časopisov
|2 snkbucl
|9 267496
|
| 773 |
0 |
|
|x 0139-9012
|t Odkaz sv. Cyrila a Metoda
|q Zapovit sv. Kyryla i Mefodija
|g Roč. 47, č. 5 (2001), s. 34
|
| 850 |
|
|
|a Slovenská národná knižnica v Martine
|
| 852 |
|
|
|a SNK
|b KIS3GCP
|
| 958 |
|
|
|a UK
|
| 958 |
|
|
|a SK
|
| 958 |
|
|
|a BX
|
| 958 |
|
|
|a NT
|
| 958 |
|
|
|a RBX
|
| 999 |
|
|
|c 1370950
|d 1372880
|